00421nam a22001577a 4500003000400000005001700004008004100021020000600062040000600068082002000074100001500094245010500109260001900214300001500233440001500248OSt20180116183023.0151126b xxu||||| |||| 00| 0 eng d a0 c0 a813.54 SLA 1977 aIan Slater aFirespill bA High-Octane Inferno Raging Toward a Terrifying Climax on the Canadian CostcIan Slater bFontana c1977 a309 p.bPB aFirespill